اکتشاف و استد لال (Record no. 7239)

MARC details
000 -LEADER
fixed length control field 01214 a2200253 4500
005 - DATE AND TIME OF LATEST TRANSACTION
control field 20081107102044.0
008 - FIXED-LENGTH DATA ELEMENTS--GENERAL INFORMATION
fixed length control field 081107t xxu||||| |||| 00| 0 ur d
010 ## - LCCN (DPL NO)
LC control number UR-7435
020 ## - INTERNATIONAL STANDARD BOOK NUMBER
International Standard Book Number 8182233240
Terms of availability 175.00
035 ## - SYSTEM CONTROL NUMBER
System control number U-5990
037 ## - SOURCE OF ACQUISITION
Source of stock number/acquisition D.B.Act / Pub
082 ## - DEWEY DECIMAL CLASSIFICATION NUMBER
Classification number 841.08
100 ## - MAIN ENTRY--PERSONAL NAME
Personal name حامدی کا شميری
245 ## - TITLE STATEMENT
Title اکتشاف و استد لال
Statement of responsibility, etc حا مدی کا شميری:مرتبہ مصرہ مريم
Remainder of title حا مدی کا شميری کے تنقيدی مقا لات
246 ## - VARYING FORM OF TITLE
Title proper/short title Ikteshaf -o-Istadlal(Hamidi Kashmiri Ke Tanqeedi Maqalat)
Remainder of title by Hamidi Kashmiri
260 ## - PUBLICATION, DISTRIBUTION, ETC. (IMPRINT)
Place of publication, distribution, etc دھلی
Name of publisher, distributor, etc ايجو کيشنل پبليشنگ ہا ؤس
Date of publication, distribution, etc 2007
270 ## - ADDRESS
Address 3108،وکيل اسٹر يٹ کو چہ پنڈ ت لال کنو اں
City دھلی
Postal code 110006
Telephone number 23216162
Fax number 009101123211540
Electronic mail address info@phbooks.com,ephdelhi@yahoo.com
300 ## - PHYSICAL DESCRIPTION
Extent 199p.
Dimensions 22 cm (Pbk)
650 ## - SUBJECT ADDED ENTRY--TOPICAL TERM
Topical term or geographic name as entry element Critical Poetry
650 ## - SUBJECT ADDED ENTRY--TOPICAL TERM
Topical term or geographic name as entry element تنقيدی شا عری
700 ## - ADDED ENTRY--PERSONAL NAME
Personal name مرتبہ مصرہ مريم
942 ## - ADDED ENTRY ELEMENTS (KOHA)
Institution code [OBSOLETE] dpl
Item type Urdu Bks
Source of classification or shelving scheme Dewey Decimal Classification
Classification part 841.08
Call number suffix ح ا م
Holdings
Withdrawn status Lost status Source of classification or shelving scheme Damaged status Not for loan Collection code Home library Current library Date acquired Cost, normal purchase price Total Checkouts Full call number Barcode Date last seen Copy number Cost, replacement price Koha item type
    Dewey Decimal Classification   Not For Loan Non-fiction D.B.Act.Division D.B.Act.Division 07/11/2008 175.00   841.08 ح ا م U-5990 15/09/2008 1 175.00 Urdu Bks

© Delhi Public Library
Hit Counter
free hit counter